000 01033nam a2200205Ia 4500
999 _c53531
_d53531
001 20577
003 GE_BSU
005 20210224002759.0
008 181216s2015||||ge |||||||||||||| ||geo||
040 _cGE_BSU
041 _ageo
080 _a330.1 მ-89
245 _aმოწყვლადობის შეფასების საერთო ინსტრუმენტები (CTVA) :
_bმოწყვლადობის შეფასება ჰუმანიტარული ინტერვენციის მიზნით.
264 _aთბილისი :
_b?,
_c2015.
300 _a28გვ. :
_bცხრ. ;
_c30სმ.
_e
541 _h15ლ. 75თ.
653 _aმოწყვლადობის შეფასება ჰუმანიტარული ინტერვენციის მიზნით
653 _aმოწყვლადობის შეფასების საერთო ინსტრუმენტები (CTVA)
942 _cBK
_2udc